000 00445nam a2200169 4500
005 20260106163723.0
008 260106b |||||||| |||| 00| 0 eng d
020 _a978-0-143-47332-9
041 _aEnglish
082 _aX 181.4 SAD
_bB12121
100 _aSadhguru
_9215359
245 _aEnlightenment: A new Beginning
260 _aHaryana
_bPenguin Random House
_c2024
300 _aix,148p
_bpb
365 _aRupaye
_b191
_cINR
942 _cBK
999 _c369702
_d369702